| 000 | 00837nam a2200181 a 4500 | ||
|---|---|---|---|
| 008 | 120416s1961 xx |||||||||||||| || u | ||
| 050 | _aHD 31 Kel | ||
| 100 | _aKelley, Pearce C | ||
| 245 | 1 | 0 | _aHow to organize and operate a small business |
| 250 | _a3rd ed. | ||
| 260 | _c1961 | ||
| 350 | _a0.00 | ||
| 650 | 0 | _aMANAGEMENT | |
| 650 | _aBUSINESS MANAGEMENT | ||
| 995 |
_aMAIN LIBRARY OPEN ACCESS _D0.00 _e710174 _FCBU-MAIN LIBRARY (Kitwe) _H1 _I0.00 _jHD 31 Kel _M2 _UAVAILABLE _y002854 _ZMain Library Open Access Collection |
||
| 995 |
_aMAIN LIBRARY OPEN ACCESS _D0.00 _e710173 _FCBU-MAIN LIBRARY (Kitwe) _H2 _I0.00 _jHD 31 Kel _M1 _UAVAILABLE _y002853 _ZMain Library Open Access Collection |
||
| 995 |
_aMAIN LIBRARY OPEN ACCESS _D0.00 _e710175 _FCBU-MAIN LIBRARY (Kitwe) _H3 _I0.00 _jHD 31 Kel _M3 _UAVAILABLE _y002855 _ZMain Library Open Access Collection |
||
| 999 |
_c76384 _d76384 |
||